00187nam a2200073Ia 4500082001300000245004000013100001900053008004100072 aEJF DIGB 0aThe naughtiest girl helps a friend  a Digby, Anne 210825s9999 xx 000 0 und d